000 00311nam a2200121Ia 4500
005 20251222142031.0
008 251222s9999||||xx |||||||||||||| ||spa||
082 _a615.782.2/U59
100 _aUnger, Tomás
245 0 _aEl Lenguaje de Las Drogas y otros Ensayos
264 _bSan Francisco S. A.
942 _cLIB
999 _c10963
_d10963